000 00581nam a2200193Ia 4500
003 GCL
008 140319s9999 xx 000 0 ara d
040 _aGCL /
_cGCL
082 0 4 _a637.1
_bف ف
100 1 _aفيرل . ر . سميث
245 1 0 _aفسيولوجيا ادرار اللبن /
_cفيرل . ر . سميث
700 1 _aمفتاح احمد عكاشة تعريب
700 1 _aشيرون محمود محمد (تعريب)
260 _a[S.N] :
_bجامعة التحدى ،
_c1992
300 _a381 ص
490 _a
650 0 4 _aالالبان
942 _2ddc
_cBK
999 _c54421
_d54421